000 00293nam a22001337a 4500
020 _a0-440-41849-6
082 _a823
_bGLI/P
100 _aGLIORI, DEBI
245 _aPURE DEAD MAGIC
260 _aNEW YORK
_bDELL YEARLING
_c2001
300 _a182
650 _aNOVEL
_zUNITED STATES
942 _cBK
999 _c3058
_d3058